Statistics for Five Biggest Countries by Circle of Latitude

Click here to take the quiz!

General Stats

  • This quiz has been taken 167 times
  • The average score is 18 of 20

Answer Stats

Circle Country % Correct
Arctic CircleRussia
100%
Arctic CircleUnited States
99%
Arctic CircleCanada
99%
EquatorBrazil
99%
Tropic of CapricornArgentina
97%
Arctic CircleSweden
95%
Tropic of CancerIndia
95%
Tropic of CapricornAustralia
94%
Arctic CircleFinland
93%
Tropic of CancerChina
93%
EquatorDR Congo
93%
Equator Indonesia
93%
Tropic of CapricornSouth Africa
85%
Tropic of CancerMexico
82%
Tropic of CancerSaudi Arabia
82%
Tropic of CancerAlgeria
81%
EquatorColombia
77%
Tropic of CapricornNamibia
63%
EquatorSomalia
47%

Score Distribution

Percentile by Number Answered

Percent of People with Each Score

Your Score History

You have not taken this quiz